LEADER 02526nas 2200673-a 450 001 996211751403316 005 20211110213021.0 035 $a(CKB)110978979594353 035 $a(CONSER)sn-91017504- 035 $a(EXLCZ)99110978979594353 100 $a19890908a19uu9999 --- a 101 0 $aeng 182 $cc$2rdamedia 183 $acr$2rdacontent 200 10$aARC news /$fEnvironmental Systems Research Institute 210 $aRedlands, Calif. $cEnvironmental Systems Research Institute 215 $a1 online resource 311 $aPrint version: ARC news (Redlands, Calif.) (DLC)sn 91017504 (OCoLC)20316854 1064-6108 517 1 $aESRI ARC news 517 1 $aArcNews 531 0 $aARC news 606 $aGeographic information systems$vPeriodicals 606 $aGeography$xData processing$vPeriodicals 606 $aSystèmes d'information géographique$vPériodiques 606 $aGéographie$xInformatique$vPériodiques 606 $aCARTOGRAPHY$2unbist 606 $aGEOGRAPHY$2unbist 606 $aINFORMATION TECHNOLOGY$2unbist 606 $aGEOGRAPHIC INFORMATION SYSTEMS$2unbist 606 $aGeographic information systems$2fast$3(OCoLC)fst00940423 606 $aGeography$xData processing$2fast$3(OCoLC)fst00940480 606 $aGIS$xPeriodicals$2sears 606 $aGPS$xPeriodicals$2sears 606 $aEarth Sciences$xGeographic Information Systems & Remote Sensing$xPeriodicals$2sears 606 $aEarth Sciences$xGeography$xPeriodicals$2sears 606 $aGeography$xData processing$xPeriodicals$2sears 608 $aPeriodicals.$2fast 615 0$aGeographic information systems 615 0$aGeography$xData processing 615 6$aSystèmes d'information géographique 615 6$aGéographie$xInformatique 615 17$aCARTOGRAPHY. 615 17$aGEOGRAPHY. 615 17$aINFORMATION TECHNOLOGY. 615 17$aGEOGRAPHIC INFORMATION SYSTEMS. 615 7$aGeographic information systems. 615 7$aGeography$xData processing. 615 7$aGIS$xPeriodicals. 615 7$aGPS$xPeriodicals. 615 7$aEarth Sciences$xGeographic Information Systems & Remote Sensing.$xPeriodicals. 615 7$aEarth Sciences$xGeography$xPeriodicals. 615 7$aGeography$xData processing$xPeriodicals. 676 $a363 712 02$aEnvironmental Systems Research Institute (Redlands, Calif.) 906 $aJOURNAL 912 $a996211751403316 920 $aexl_impl conversion 996 $aARC news$92426379 997 $aUNISA LEADER 02758nam 22005055 450 001 9910337481003321 005 20200629223503.0 010 $a94-024-1606-4 024 7 $a10.1007/978-94-024-1606-0 035 $a(CKB)4100000008217369 035 $a(MiAaPQ)EBC5776176 035 $a(DE-He213)978-94-024-1606-0 035 $a(PPN)236519778 035 $a(EXLCZ)994100000008217369 100 $a20190516d2019 u| 0 101 0 $aeng 135 $aurcnu|||||||| 181 $ctxt$2rdacontent 182 $cc$2rdamedia 183 $acr$2rdacarrier 200 10$aAcute Exacerbation of Chronic Hepatitis B $eVolume 1. Definition, Research Technology, Virology, Genetics and Immunology /$fedited by Qin Ning 205 $a1st ed. 2019. 210 1$aDordrecht :$cSpringer Netherlands :$cImprint: Springer,$d2019. 215 $a1 online resource (384 pages) 311 $a94-024-1604-8 327 $aIntroduction to Acute Exacerbation of Chronic Hepatitis B -- Research Technology and Principles of Clinical Study -- Virology -- Genetics -- Immunology. 330 $aThis book assembles recent achievements in both basic research and clinical management in the field of hepatology, virology and immunology. It provides up-to-date information for clinicians who can apply the relevant knowledge to their daily clinical practice and for researchers who are interested in clinically orientated studies. The updated and detailed technology, state-of?the-art treatment strategies provided in this book serve as references for clinicians and resident physicians in the daily management of ACLF. The rationality and strategies for basic research as well as patient management in this book can also be a valuable reference for other fatal and end stage liver diseases than HBV induced ACLF. This volume 1 has 6 chapters and focuses on the definition, research technology, virology, genetics, and immunology. 606 $aHepatology 606 $aInfectious diseases 606 $aCancer$xSurgery 606 $aHepatology$3https://scigraph.springernature.com/ontologies/product-market-codes/H33088 606 $aInfectious Diseases$3https://scigraph.springernature.com/ontologies/product-market-codes/H33096 606 $aSurgical Oncology$3https://scigraph.springernature.com/ontologies/product-market-codes/H59150 615 0$aHepatology. 615 0$aInfectious diseases. 615 0$aCancer$xSurgery. 615 14$aHepatology. 615 24$aInfectious Diseases. 615 24$aSurgical Oncology. 676 $a616.3 702 $aNing$b Qin$4edt$4http://id.loc.gov/vocabulary/relators/edt 906 $aBOOK 912 $a9910337481003321 996 $aAcute Exacerbation of Chronic Hepatitis B$91734536 997 $aUNINA